000 00427nam a2200169Ia 4500
005 20250508152113.0
008 008 250505s9999 xx 000 0 eng d
037 _aTextual
040 _aFEDL
_beng
_cFEDL
041 _aeng
_2eng
084 _a790, YOU
_qFEDL
100 _aLaver James
_9760761
245 0 _aYoung collector's book
300 _a144p.
942 _cTEXL
_h790, YOU
999 _c1334266
_d1334266